Statystyki dla Znani ludzie według inicjałów - imiona na "F"

Kliknij tutaj aby rozwiązać quiz!

Ogólne statystyki

  • Ten quiz został rozwiązany 173 razy
  • Średni wynik to 10 z 20

Statystyki odpowiedzi

InicjałyKim jest ta osoba?Odpowiedź% Poprawnych
FCPolski kompozytor i pianista, jeden z najwybitniejszych kompozytorów romantyzmuFryderyk Chopin
97%
FMBrytyjski muzyk, wokalista zespołu QueenFreddie Mercury
91%
FDRosyjski pisarz, autor powieści "Zbrodnia i kara" czy też opowiadania "Łagodna"Fiodor Dostojewski
82%
FAHiszpański kierowca wyścigowy, dwukrotny mistrz Formuły 1Fernando Alonso
71%
FTHiszpański piłkarz, w swojej karierze występował m.in. w Atlético Madryt, Liverpoolu i ChelseaFernando Torres
70%
FRAmerykański polityk, prezydent USA podczas II wojny światowejFranklin D. Roosevelt
67%
FLAngielski piłkarz i trener, najlepszy strzelec w historii ChelseaFrank Lampard
63%
FFHiszpański dyktator, przywódca Hiszpanii w latach 1939-1975Francisco Franco
62%
FKNiemiecki pisarz pochodzenia żydowskiego, znany z powieści "Proces" i "Przemiana"Franz Kafka
61%
FIWłoski piłkarz, strzelec dwóch goli w finale Ligi Mistrzów w 2007 r.Filippo Inzaghi
60%
FSAmerykański muzyk, znany z piosenek takich jak "My Way" czy "Strangers in the Night", uznawany za najwybitniejszego amerykańskiego piosenkarza XX w.Frank Sinatra
59%
FPAustriacko-niemiecki konstruktor samochodów, założyciel przedsiębiorstwa samochodowego nazwanego jego nazwiskiemFerdinand Porsche
58%
FHHiszpański piłkarz, przez 14 lat związany z Realem MadrytFernando Hierro
52%
FNNiemiecki filozof, głoszący poglądy nihilizmu "Bóg jest martwy", afirmacji i nadczłowiekaFriedrich Nietzsche
42%
FENiemiecki filozof i socjolog, jeden z głównych wyznawców socjalizmu, współpracownik MarksaFryderyk Engels
40%
FGHiszpański malarz, nadworny malarz królów Hiszpanii, uznawany za jednego z najwybitniejszych artystów przełomu XVII i XVIII w.Francisco Goya
30%
FBAustriacki spadochroniarz, autor skoku z najwyższej wysokości w historiiFelix Baumgartner
22%
FWAmerykański aktor, wystąpił m.in. filmach "Czarna Pantera" i "Ostatni król Szkocji" (za występ w którym zdobył Oscara)Forest Whitaker
13%
FZPolski filozof i socjolog, twórca polskiej socjologii akademickiejFlorian Znaniecki
3%
FJHolenderska wokalistka, obecnie wokalistka zespołu NightwishFloor Jansen
2%

Rozkład punktacji

Percentyl według liczby udzielonych odpowiedzi

Procent ludzi z każdym wynikiem

Twoja historia wyników

Nie rozwiązałeś tego quizu